000 00267nam a2200097Ia 4500
008 240331s9999 xx 000 0 und d
082 _bUYA
100 _aUyangoda,J
245 0 _aTransition from civil war to peace :
_bchallenges of peace building in Sri Lanka
942 _cL
999 _c4763
_d4763